01116nam a2200229Ia 4500952009900000999001700099005001700116008004100133020001500174050002300189100003200212245005800244260003200302300001800334504003400352505030100386519011400687650001900801650002900820700003000849942000700879 00104070a19b19d2015-07-03l0oBF724.55A35 S7818p19 000116r2013-05-14t1w2013-05-14yLB c77946d7794620231102151227.0120630s2002 sp 000 0 spa d a847112453X aBF724.55A35bS7818 aStuart-Hamilton, Ianeautor00aPsicologia del envejecimientoc / Ian Stuart-Hamilton aEspañab: Moratac, 2002 a318 páginas aBibliografía: p. [269]-314. a¿Que es el envejecimiento? Mediciones del cambio en la edad adulta avanzada Envejecimiento y memoria Envejecimiento, personalidad y estilo de vida Enfermedad mentaly envejecimiento Problemas en la medicion del estado psicológico de las personas mayores ¿Cual es el furturo del envejecimiento? aEducación Mixta / bPedagogía / cPsicología del desarrollo adulto y senectud (B07-3) / d (19 000116)  0aENVEJECIMIENTO a Aspectos psicológicos aTomas del Olmoetraductor cLB